[Event "56th Hull Congress"]
[Site "Hull"]
[Date "2019.11.03"]
[Round "5"]
[Board "15"]
[White "Ilett, Raymond J"]
[Black "Patrick, David A"]
[Result "0-1"]
[WhiteElo "1857"]
[BlackElo "1880"]
[PlyCount "0"]
[EventDate "2019.11.01"]
[EventRounds "5"]
[EventCountry "ENG"]

1. d4 {[%clk 01:30:55]} {[%emt 00:00:04]} d5 {[%clk 01:30:53]} {[%emt
00:00:08]} 2. c4 {[%clk 01:31:19]} {[%emt 00:00:04]} c6 {[%clk 01:31:16]}
{[%emt 00:00:08]} 3. Nf3 {[%clk 01:31:29]} {[%emt 00:00:20]} Nf6 {[%clk
01:31:30]} {[%emt 00:00:16]} 4. e3 {[%clk 01:31:53]} {[%emt 00:00:07]} g6
{[%clk 01:31:40]} {[%emt 00:00:19]} 5. Nc3 {[%clk 01:32:02]} {[%emt 00:00:21]}
Bg7 {[%clk 01:31:47]} {[%emt 00:00:23]} 6. Be2 {[%clk 01:31:05]} {[%emt
00:01:27]} O-O {[%clk 01:31:56]} {[%emt 00:00:21]} 7. O-O {[%clk 01:31:29]}
{[%emt 00:00:07]} Nbd7 {[%clk 01:29:15]} {[%emt 00:03:10]} 8. cxd5 {[%clk
01:30:44]} {[%emt 00:01:15]} cxd5 {[%clk 01:28:07]} {[%emt 00:01:38]} 9. Qb3
{[%clk 01:31:06]} {[%emt 00:00:08]} e6 {[%clk 01:25:44]} {[%emt 00:02:53]} 10.
Bd2 {[%clk 01:27:46]} {[%emt 00:03:50]} Qb6 {[%clk 01:22:31]} {[%emt 00:03:44]}
11. Na4 {[%clk 01:26:24]} {[%emt 00:01:51]} Qxb3 {[%clk 01:22:06]} {[%emt
00:00:55]} 12. axb3 {[%clk 01:26:47]} {[%emt 00:00:08]} a6 {[%clk 01:16:17]}
{[%emt 00:06:19]} 13. Rfc1 {[%clk 01:20:50]} {[%emt 00:06:26]} Ne4 {[%clk
01:15:30]} {[%emt 00:01:16]} 14. Bb4 {[%clk 01:17:14]} {[%emt 00:04:08]} Re8
{[%clk 01:15:51]} {[%emt 00:00:07]} 15. Bd3 {[%clk 01:13:12]} {[%emt 00:04:34]}
e5 {[%clk 01:10:31]} {[%emt 00:05:50]} 16. Rc2 {[%clk 00:36:31]} {[%emt
00:37:11]} b5 {[%clk 01:08:08]} {[%emt 00:02:53]} 17. Nc5 {[%clk 00:30:07]}
{[%emt 00:06:54]} Nexc5 {[%clk 01:07:58]} {[%emt 00:00:39]} 18. dxc5 {[%clk
00:28:58]} {[%emt 00:01:39]} e4 {[%clk 01:07:52]} {[%emt 00:00:35]} 19. Bxb5
{[%clk 00:29:17]} {[%emt 00:00:12]} exf3 {[%clk 01:07:41]} {[%emt 00:00:41]} 20.
c6 {[%clk 00:27:12]} {[%emt 00:02:36]} Nf6 {[%clk 01:01:28]} {[%emt 00:06:42]}
21. c7 {[%clk 00:18:32]} {[%emt 00:09:10]} Bd7 {[%clk 00:58:46]} {[%emt
00:03:11]} 22. Rxa6 {[%clk 00:14:53]} {[%emt 00:04:11]} Rxa6 {[%clk 00:54:03]}
{[%emt 00:05:13]} 23. Bxa6 {[%clk 00:15:05]} {[%emt 00:00:18]} Bc8 {[%clk
00:51:56]} {[%emt 00:02:37]} 24. Bxc8 {[%clk 00:09:05]} {[%emt 00:06:31]} Rxc8
{[%clk 00:52:15]} {[%emt 00:00:09]} 25. Be7 {[%clk 00:09:27]} {[%emt 00:00:09]}
Ne8 {[%clk 00:46:03]} {[%emt 00:06:40]} 26. Bd8 {[%clk 00:09:52]} {[%emt
00:00:07]} Bf6 {[%clk 00:46:10]} {[%emt 00:00:21]} 27. Bxf6 {[%clk 00:05:50]}
{[%emt 00:04:33]} Nxf6 {[%clk 00:46:33]} {[%emt 00:00:07]} 28. b4 {[%clk
00:06:10]} {[%emt 00:00:11]} Ne8 {[%clk 00:46:45]} {[%emt 00:00:17]} 29. b5
{[%clk 00:06:34]} {[%emt 00:00:08]} Rxc7 {[%clk 00:46:45]} {[%emt 00:00:29]} 30.
Rxc7 {[%clk 00:06:53]} {[%emt 00:00:11]} Nxc7 {[%clk 00:46:53]} {[%emt
00:00:22]} 31. b6 {[%clk 00:07:19]} {[%emt 00:00:05]} Na6 {[%clk 00:46:45]}
{[%emt 00:00:36]} 32. gxf3 {[%clk 00:07:43]} {[%emt 00:00:07]} Kf8 {[%clk
00:47:08]} {[%emt 00:00:07]} 33. b7 {[%clk 00:07:42]} {[%emt 00:00:30]} Ke7
{[%clk 00:47:22]} {[%emt 00:00:15]} 34. Kf1 {[%clk 00:07:43]} {[%emt 00:00:30]}
Kd6 {[%clk 00:47:44]} {[%emt 00:00:08]} 35. Ke2 {[%clk 00:08:06]} {[%emt
00:00:08]} Kc7 {[%clk 00:48:08]} {[%emt 00:00:06]} 36. e4 {[%clk 00:08:20]}
{[%emt 00:00:15]} Kxb7 {[%clk 00:47:55]} {[%emt 00:00:43]} 37. Ke3 {[%clk
00:08:42]} {[%emt 00:00:08]} Kc6 {[%clk 00:47:56]} {[%emt 00:00:29]} 38. exd5+
{[%clk 00:08:31]} {[%emt 00:00:42]} Kxd5 {[%clk 00:48:13]} {[%emt 00:00:10]} 39.
Kf4 {[%clk 00:08:58]} {[%emt 00:00:05]} h6 {[%clk 00:47:59]} {[%emt 00:00:43]}
40. h4 {[%clk 00:09:12]} {[%emt 00:00:17]} Nc5 {[%clk 00:46:54]} {[%emt
00:01:35]} 41. Kg4 {[%clk 00:09:25]} {[%emt 00:00:17]} Nd3 {[%clk 00:45:34]}
{[%emt 00:01:49]} 42. f4 {[%clk 00:08:24]} {[%emt 00:01:32]} Nxf2+ {[%clk
00:44:51]} {[%emt 00:01:13]} 43. Kf3 {[%clk 00:08:42]} {[%emt 00:00:12]} Ne4
{[%clk 00:44:52]} {[%emt 00:00:29]} 44. f5 {[%clk 00:08:32]} {[%emt 00:00:41]}
g5 {[%clk 00:43:46]} {[%emt 00:01:34]} 45. b4 {[%clk 00:08:29]} {[%emt
00:00:35]} Nf6 {[%clk 00:43:21]} {[%emt 00:00:52]} 46. hxg5 {[%clk 00:08:20]}
{[%emt 00:00:41]} hxg5 {[%clk 00:43:45]} {[%emt 00:00:07]} 47. Ke3 {[%clk
00:08:26]} {[%emt 00:00:24]} Kc6 {[%clk 00:43:52]} {[%emt 00:00:23]} 48. Kd4
{[%clk 00:08:52]} {[%emt 00:00:04]} Kb5 {[%clk 00:44:04]} {[%emt 00:00:17]} 49.
Ke5 {[%clk 00:09:16]} {[%emt 00:00:07]} Nd7 {[%clk 00:40:53]} {[%emt 00:03:39]}
50. Kd6 {[%clk 00:09:36]} {[%emt 00:00:12]} g4 {[%clk 00:40:20]} {[%emt
00:01:04]} 51. Kxd7 {[%clk 00:10:01]} {[%emt 00:00:04]} g3 {[%clk 00:40:43]}
{[%emt 00:00:07]} 52. Ke7 {[%clk 00:10:21]} {[%emt 00:00:09]} g2 {[%clk
00:41:06]} {[%emt 00:00:07]} 53. Kxf7 {[%clk 00:10:39]} {[%emt 00:00:12]} g1=Q
{[%emt 00:00:07]} 54. f6 {[%emt 00:00:07]} Kxb4 {[%clk 00:40:54]} {[%emt
00:00:29]} 55. Kf8 {[%clk 00:10:38]} {[%emt 00:00:30]} Qc5+ {[%clk 00:40:25]}
{[%emt 00:00:58]} 56. Kg7 {[%clk 00:10:54]} {[%emt 00:00:15]} Qg5+ {[%clk
00:40:13]} {[%emt 00:00:41]} 57. Kf7 {[%clk 00:10:42]} {[%emt 00:00:44]} Kc5
{[%clk 00:39:49]} {[%emt 00:00:52]} 58. Ke6 {[%clk 00:10:53]} {[%emt 00:00:20]}
Qg4+ {[%clk 00:37:06]} {[%emt 00:03:11]} 59. Ke7 {[%clk 00:10:55]} {[%emt
00:00:31]} Qe4+ {[%clk 00:35:56]} {[%emt 00:01:37]} 60. Kf8 {[%clk 00:11:07]}
{[%emt 00:00:21]} Kd6 {[%clk 00:30:44]} {[%emt 00:05:41]} 61. f7 {[%clk
00:11:32]} {[%emt 00:00:06]} Ke6 {[%clk 00:28:46]} {[%emt 00:02:22]} 62. Kg8
{[%clk 00:11:06]} {[%emt 00:01:02]} Qg4+ {[%clk 00:28:37]} {[%emt 00:00:35]} 63.
Kf8 {[%clk 00:11:25]} {[%emt 00:00:14]} Qf5 {[%clk 00:28:37]} {[%emt 00:00:28]}
 0-1

[Event "56th Hull Congress"]
[Site "Hull"]
[Date "2019.11.03"]
[Round "5"]
[Board "16"]
[White "Kilshaw, Joe"]
[Black "Ross, Stuart"]
[Result "1-0"]
[WhiteElo "2029"]
[BlackElo "1636"]
[PlyCount "0"]
[EventDate "2019.11.01"]
[EventRounds "5"]
[EventCountry "ENG"]

1. d4 {[%clk 01:30:57]} {[%emt 00:00:03]} Nf6 {[%clk 01:30:58]} {[%emt
00:00:03]} 2. Bf4 {[%clk 01:31:18]} {[%emt 00:00:09]} e6 {[%clk 01:31:12]}
{[%emt 00:00:15]} 3. e3 {[%clk 01:31:40]} {[%emt 00:00:09]} c5 {[%clk
01:31:36]} {[%emt 00:00:06]} 4. c3 {[%clk 01:32:04]} {[%emt 00:00:06]} Nc6
{[%clk 01:31:59]} {[%emt 00:00:06]} 5. Nd2 {[%clk 01:32:18]} {[%emt 00:00:15]}
d5 {[%clk 01:32:17]} {[%emt 00:00:13]} 6. Bd3 {[%clk 01:32:21]} {[%emt
00:00:27]} Bd6 {[%clk 01:32:04]} {[%emt 00:00:44]} 7. Bg3 {[%clk 01:32:20]}
{[%emt 00:00:30]} O-O {[%clk 01:32:13]} {[%emt 00:00:20]} 8. Ngf3 {[%clk
01:32:42]} {[%emt 00:00:08]} Ne7 {[%clk 01:31:59]} {[%emt 00:00:44]} 9. Qe2
{[%clk 01:30:56]} {[%emt 00:02:16]} b6 {[%clk 01:31:17]} {[%emt 00:01:13]} 10.
e4 {[%clk 01:29:01]} {[%emt 00:02:25]} dxe4 {[%clk 01:31:15]} {[%emt 00:00:32]}
11. Nxe4 {[%clk 01:29:05]} {[%emt 00:00:26]} Ne8 {[%clk 01:26:48]} {[%emt
00:04:56]} 12. Nxd6 {[%clk 01:24:23]} {[%emt 00:05:13]} Nxd6 {[%clk 01:26:30]}
{[%emt 00:00:49]} 13. Bxd6 {[%clk 01:24:32]} {[%emt 00:00:21]} Qxd6 {[%clk
01:26:37]} {[%emt 00:00:23]} 14. Qe4 {[%clk 01:24:53]} {[%emt 00:00:08]} g6
{[%clk 01:25:55]} {[%emt 00:01:12]} 15. Qxa8 {[%clk 01:23:47]} {[%emt
00:01:37]} Nc6 {[%clk 01:23:06]} {[%emt 00:03:18]} 16. Be4 {[%clk 01:24:06]}
{[%emt 00:00:10]} Bd7 {[%clk 01:21:29]} {[%emt 00:02:08]} 17. Qb7 {[%clk
01:19:52]} {[%emt 00:04:42]} Rb8 {[%clk 01:15:40]} {[%emt 00:06:20]} 18. Qa6
{[%clk 01:19:22]} {[%emt 00:01:01]} b5 {[%clk 01:10:11]} {[%emt 00:05:58]} 19.
O-O {[%clk 01:15:42]} {[%emt 00:04:11]} Rb6 {[%clk 01:08:47]} {[%emt 00:01:53]}
20. dxc5 {[%clk 01:15:13]} {[%emt 00:01:00]} Qxc5 {[%clk 01:08:36]} {[%emt
00:00:40]} 21. Qa3 {[%clk 01:15:25]} {[%emt 00:00:19]} b4 {[%clk 01:08:39]}
{[%emt 00:00:27]} 22. cxb4 {[%clk 01:13:45]} {[%emt 00:02:11]} Qh5 {[%clk
01:07:11]} {[%emt 00:01:57]} 23. Rac1 {[%clk 01:11:53]} {[%emt 00:02:23]} f5
{[%clk 01:03:55]} {[%emt 00:03:45]} 24. Bxc6 {[%clk 01:11:33]} {[%emt
00:00:50]} Bxc6 {[%clk 01:04:00]} {[%emt 00:00:25]} 25. Rxc6 {[%clk 01:11:49]}
{[%emt 00:00:15]} Rxc6 {[%clk 01:04:04]} {[%emt 00:00:26]} 26. Qxa7 {[%clk
01:12:06]} {[%emt 00:00:13]} Rc2 {[%clk 01:02:13]} {[%emt 00:02:20]} 27. Qe7
{[%clk 01:10:17]} {[%emt 00:02:19]}  1-0

[Event "56th Hull Congress"]
[Site "Hull"]
[Date "2019.11.03"]
[Round "5"]
[Board "17"]
[White "Varley, Joe"]
[Black "Sheppard, Derek A"]
[Result "1/2-1/2"]
[WhiteElo "1589"]
[BlackElo "1717"]
[PlyCount "0"]
[EventDate "2019.11.01"]
[EventRounds "5"]
[EventCountry "ENG"]

1. e4 c5 2. Nf3 e6 3. d4 cxd4 4. Nxd4 Nf6 5. Bd3 Nc6 6. Nb5 a6 7. N5c3 d5 8.
exd5 Nxd5 9. O-O Be7 10. a3 O-O 11. Qf3 Nf6 12. Nd2 Ne5 13. Qg3 Nxd3 14. cxd3
Qd6 15. Qxd6 Bxd6 16. Nde4 Be7 17. Bf4 {[%clk 01:30:30]} Rd8 {[%clk 01:30:30]}
 1/2-1/2

[Event "56th Hull Congress"]
[Site "Hull"]
[Date "2019.11.03"]
[Round "5"]
[Board "18"]
[White "Maladkar, Lavanya"]
[Black "Bettley, Andrew D"]
[Result "1-0"]
[WhiteElo "1648"]
[BlackElo "1492"]
[PlyCount "0"]
[EventDate "2019.11.01"]
[EventRounds "5"]
[EventCountry "ENG"]

1. d4 {[%emt 00:00:04]} Nf6 2. c4 e6 3. Nc3 d5 4. Nf3 Nbd7 5. e3 Be7 6. b3 b6 7.
Be2 Bb7 8. O-O O-O 9. Bb2 Re8 10. Qc2 Rc8 11. Nd2 c5 12. Rac1 cxd4 13. exd4 Bd6
14. f4 Qc7 15. g3 Ba6 16. Qd1 Qb8 17. Bd3 Nf8 18. Qe2 Kh8 19. a4 Bb7 20. Nf3
Kg8 21. Ne5 Ba8 22. h3 Qb7 23. Kh2 N6d7 24. Nb5 Be7 25. f5 Nxe5 26. dxe5 Bc5 27.
f6 dxc4 28. Rxc4 Ng6 29. h4 Rcd8 30. Nd6 Bxd6 31. exd6 Rxd6 32. Bxg6 hxg6 33.
fxg7 Red8 34. Rc2 Rd3 35. h5 Qd5 36. hxg6 f6 37. Bxf6 Rd7 38. Be5 Rd8 39. Rf8+
Rxf8 40. gxf8=Q+ Kxf8 41. g7+ Kf7 42. Rc7+ {[%clk 01:30:56]}  1-0